Statistics for Reverse Dictionary #63

Click here to take the quiz!

General Stats

  • This quiz has been taken 18 times
  • The average score is 18 of 25

Answer Stats

DefinitionFirst
Letter
Word% Correct
Having no hair, fur or feathers.BBald
100%
To request forcefully.DDemand
100%
In need of some rest or sleep.TTired
100%
To strike or hit with the foot or other extremity of the leg.KKick
93%
One element of a chain or other connected series.LLink
93%
A device for bathing by which water is made to fall on the body from a height, either from a tank or by the action of a pump.SShower
93%
A person, usually employed by a school, whose job is to provide education in one or more subjects.TTeacher
93%
A young cow or bull.CCalf
87%
A cold-blooded vertebrate animal that lives in water, moving with the help of fins and breathing with gills.FFish
87%
A length of time.PPeriod
87%
To stir together.MMix
80%
Thread or cloth made from flax fiber.LLinen
73%
A loud burst of voice or voices; a violent and sudden outcry, especially that of a multitude expressing joy, triumph, exultation, anger, or great effort.SShout
73%
To become smaller; to contract.SShrink
73%
An oath or affirmation; a vow.PPromise
67%
A reproduction of sound, video, etc., stored in a permanent medium.RRecording
67%
To frighten greatly.TTerrify
67%
Any plant of the family Poaceae, characterized by leaves that arise from nodes in the stem and leaf bases that wrap around the stem, especially those grown as ground cover rather than for grain.GGrass
60%
A goal that is striven for.OObjective
60%
Possessing prominent and varied hues.CColorful
53%
A drawing or picture.GGraphic
47%
To provide cover from damage or harassment; to shield; to protect.SShelter
40%
To show conspicuously; to exhibit; to demonstrate; to manifest.DDisplay
33%
To assume or take responsibility for a debt or other obligation.GGuarantee
33%
A political division of a federation retaining a notable degree of autonomy.SState
33%

Score Distribution

Percentile by Number Answered

Percent of People with Each Score

Your Score History

You have not taken this quiz